000 00589nam a22001817a 4500
005 20251108164717.0
008 250721s2005 xx 000 0 ara d
082 1 4 _aم/956.70443/بلي
100 1 _aبليكس، هانز
245 1 0 _aنزع سلاح العراق الغزو بدلا من التفتيش /
264 1 _aبيروت :
_bمركز دراسات الوحدة العربية،
_c2005.
300 _a288ص.
490 0 _aمركز دراسات الوحدة العربية
650 1 7 _aنزع السلاح
650 1 7 _aالعراق
942 _2ddc
_cREF
999 _c12436
_d12436